000 00761cam a2200229 i 4500
999 _c886
_d886
001 19133
003 BD-DhUAP
005 20200128163941.0
008 150421s2015 bg b 001 0 eng
020 _a9789849146704
040 _aDLC
_beng
_cDLC
_erda
_dBD-DhUAP
082 _223
_a307.1412095492 LEA
245 0 0 _aLeading issues in rural development :
_bBangladesh perspective /
_cedited by Mahabub Hossain and Abdul Bayes.
264 1 _aDhaka :
_bA H Development Publishing House,
_cc2015.
300 _a290 pages ;
_c22 cm.
504 _aIncludes bibliographical references and index.
650 0 _aRural development
_zBangladesh.
650 0 _aEconomic development
_zBangladesh.
700 1 _aHossain, Mahabub.
700 1 _aBayes, Abdul.
942 _2ddc
_cBK